| 000 | 01337nam a22002657a 4500 | ||
|---|---|---|---|
| 999 |
_c22066 _d22066 |
||
| 003 | AR-CdUCM | ||
| 008 | 190425b ||||| |||| 00| 0 spa d | ||
| 040 |
_aMUNICIPALIDAD PROVINCIAL DEL CUSCO _cBIBLIOTECA MUNICIPAL DEL CUSCO |
||
| 082 | _aSitua/N°5/1995 | ||
| 245 |
_aSitua : _bRevista semestral de la Facultad de Medicina Humana / _cFacultad de Medicina Humana, Universidad Nacional de San Antonio Abad del Cusco |
||
| 260 |
_aCusco : _b[UNSAAC], _c1995. |
||
| 300 |
_a67 páginas. : _c31 cm. |
||
| 440 |
_aSitua revista semestral de la Facultad de Medicina Humana. _nAño,3, N° 5,setiembre-febrero 1995. _947337 |
||
| 505 | _aContenido: Salud y constitución nacional. Giovanni Berlinguer. -- Un breve perfil de la vida del Dr. Antonio Lorena. -- Fausto Garmendia. -- Estudio de estado situacional nutricional de niños pre escolares y escolares de las provincias de Calca y Urubamba. Luz Montalvo Chávez. -- Defectos postulares... | ||
| 650 |
_aMedicina humana _947329 |
||
| 650 |
_aSalud pública _96404 |
||
| 650 |
_aHospitales _947330 |
||
| 650 |
_aCentros de Salud _932510 |
||
| 700 |
_aBerlinguer, Giovanni _947338 |
||
| 700 |
_aMontalvo Chávez, Luz _947339 |
||
| 710 |
_aFacultad de Medicina Humana _947335 |
||
| 710 |
_aUniversidad Nacional de San Antonio Abad del Cusco _915942 |
||
| 942 |
_2ddc _cPP |
||
| 945 | _avhl | ||